| 000 | 01021nam a22003257a 4500 | ||
|---|---|---|---|
| 001 | BR0100986 | ||
| 003 | BR-BrBNA | ||
| 005 | 20230928100805.0 | ||
| 007 | ta | ||
| 008 | 230509b bl.||||| |||| 00| 0 por d | ||
| 040 |
_aBR-BrBNA _bpor _cBiblioteca Nacional de Agricultura |
||
| 041 | _a(Por) | ||
| 072 | _aP10; P01 | ||
| 090 | _ P10 BR0100986 | ||
| 100 | 1 | _aBrugnaro, C. | |
| 110 | 1 |
_aEscola Superior de Agricultura Luiz de Queiroz, Piracicaba, SP (Brasil) _0Tese (Doutor em Ciencias) |
|
| 245 | 1 | _aValor atribuido pela populacao as matas ciliares da bacia do rio Corumbatai, SP | |
| 260 | 3 |
_aPiracicaba, SP (Brasil): _c2000. |
|
| 300 | _a246 p. | ||
| 500 | _aSummaries (Eng, Por); Bibliography p. 112-132; 6 illus.; 16 tables | ||
| 650 | _aBacia Hidrografica | ||
| 650 | _aMata Ciliar | ||
| 650 | _aModelo Matematico | ||
| 650 | _aMeio Ambiente | ||
| 650 | _aPreservacao da Natureza | ||
| 650 | _aImpacto Ambiental | ||
| 650 | _aSao Paulo | ||
| 909 |
_a202309 _bLucia _c55 _dLucia Elande |
||
| 942 | _cBK | ||
| 999 |
_c62815 _d62815 |
||